00479nam a2200145Ia 4500008004100000041000800041082001200049100001600061245004200077260003600119300003300155365001100188999001700199952011700216240624s9999 xx 000 0 und d aeng a020 RAM aRAMAIAH L S aE LIBRARIES PROBLEMS AND PERSPECTIVES c2009aMumbaibAllied Publishers axxiii, : 670 : p. : cm. ; 23 cRSb40 c19047d19047 00104070aIMTNbIMTNcRack 2-Bd2012-05-16eAPg550.00o020 RAMp19047r2024-06-24 00:00:00t1w2024-06-24yBK